Classic sources anthropology

Wedi'i Gadw mewn:
Manylion Llyfryddiaeth
Prif Awdur: Angeloni, Elvio
Fformat: Anhysbys
Iaith:English
Cyhoeddwyd: McGraw-Hill 2008
Pynciau:
Tagiau: Ychwanegu Tag
Dim Tagiau, Byddwch y cyntaf i dagio'r cofnod hwn!
Thư viện lưu trữ: Mạng thư viện Đại học Đà Nẵng
LEADER 01032ca a2200313 4500
001 000030711
003 4397
005 20151023000000.0
008 151001s2008 000 eng
020 |a 9780073379692 
041 |a eng 
082 |a 420.3  |b AN-E 
100 |a Angeloni, Elvio 
245 |a Classic sources anthropology  |c Elvio Angeloni 
260 |a McGraw-Hill  |c 2008 
300 |a 251p. : ill ; 30cm 
650 |a Classic sources anthropology, anthropology, Elvio Angeloni, 2008 
852 |b Chuyên đề  |c Tiếng Anh tham khảo 1 
OWN |a LNN 
AVA |a UDN50  |b LNN  |d 420.3 AN-E  |e available  |t Error 5001 Not defined in file expand_doc_bib_avail.  |f 2  |g 0  |h N  |i 0  |k 1 
999 |a From the UDN01 
AVA |a UDN50  |b LNN  |d 420.3 AN-E  |e available  |t Error 5001 Not defined in file expand_doc_bib_avail.  |f 2  |g 0  |h N  |i 0  |k 1 
980 |a Mạng thư viện Đại học Đà Nẵng